000 00292nam a2200121Ia 4500
005 20251222141942.0
008 251222s9999||||xx |||||||||||||| ||spa||
082 _a338.9/E88
100 _aEspinoza Uriarte, Humberto
245 0 _aDesarrollo y Planificación
264 _bEdigraf
942 _cLIB
999 _c9387
_d9387